[Event "LSS SC-2008-0-00017"]
[Site "LSS email"]
[Date "2008.09.18"]
[Round "?"]
[White "Jooste, Marco"]
[Black "Niewold, Jaap"]
[Result "0-1"]
[WhiteElo "1605"]
[BlackElo "1667"]
[PlyCount "60"]
[EventDate "2008.09.12"]
[EventType "tourn (corr)"]
[EventRounds "6"]
[EventCountry "GER"]
[SourceTitle "Corr 2011"]
[Source "ChessBase"]
[SourceDate "2010.08.31"]
[SourceVersion "1"]
[SourceVersionDate "2010.08.31"]
[SourceQuality "1"]

1. e4 e5 2. Nf3 Nc6 3. Bb5 f5 4. Nc3 fxe4 5. Nxe4 d5 6. Nxe5 dxe4 7. Nxc6 Qd5 8. c4 Qd6 9. Nxa7+ Bd7 10. Bxd7+ Qxd7 11. Qh5+ g6 12. Qe5+ Kf7 13. Nb5 c6 14. Qxh8 Nf6 15. b3 Rd8 16. Nc3 Bc5 17. Qxd8 Qxd8 18. 0-0 Qd4 19. Bb2 Qxd2 20. Na4 Be7 21. Rad1 Qc2 22. Rc1 Qd2 23. Bxf6 Bxf6 24. a3 e3 25. fxe3 Qxe3+ 26. Kh1 Kg7 27. Rce1 Qxb3 28. Nc5 Qb2 29. Rb1 Qe2 30. Rxb7+ Kh6 0-1

[Event "LSS SC-2008-0-00017"]
[Site "LSS email"]
[Date "2008.09.18"]
[Round "?"]
[White "Jordaan, Wayne"]
[Black "Jooste, Marco"]
[Result "1-0"]
[WhiteElo "1712"]
[BlackElo "1605"]
[PlyCount "49"]
[EventDate "2008.09.12"]
[EventType "tourn (corr)"]
[EventRounds "6"]
[EventCountry "GER"]
[SourceTitle "Corr 2011"]
[Source "ChessBase"]
[SourceDate "2010.08.31"]
[SourceVersion "1"]
[SourceVersionDate "2010.08.31"]
[SourceQuality "1"]

1. d4 d5 2. c4 c5 3. cxd5 Nf6 4. Nc3 Nxd5 5. dxc5 Nxc3 6. Qxd8+ Kxd8 7. bxc3 e5 8. Be3 Bd7 9. Rd1 Kc7 10. f4 e4 11. Bd4 Na6 12. e3 Nxc5 13. Bc4 f5 14. Be5+ Kc8 15. Ne2 Ba4 16. Rd2 Nd3+ 17. Bxd3 exd3 18. Nd4 Rg8 19. Rxd3 g6 20. Ne6 Be7 21. Nc7 Rb8 22. Nd5 Bc5 23. Kf2 Bb5 24. Rd2 Re8 25. Nf6 1-0

[Event "LSS OP-2008-0-00619"]
[Site "LSS email"]
[Date "2008.09.02"]
[Round "?"]
[White "Denayer, William"]
[Black "Jooste, Marco"]
[Result "1-0"]
[WhiteElo "2274"]
[BlackElo "1577"]
[PlyCount "73"]
[EventDate "2008.08.31"]
[EventType "tourn (corr)"]
[EventRounds "4"]
[EventCountry "GER"]
[SourceTitle "Corr 2013"]
[Source "ChessBase"]
[SourceDate "2012.11.12"]
[SourceVersion "1"]
[SourceVersionDate "2012.11.12"]
[SourceQuality "1"]

1. Nf3 Nf6 2. c4 c5 3. g3 g6 4. Bg2 Bg7 5. 0-0 0-0 6. d4 cxd4 7. Nxd4 Nc6 8. Nc3 Nxd4 9. Qxd4 d6 10. Qd3 a6 11. Bd2 Rb8 12. c5 dxc5 13. Qxd8 Rxd8 14. Bf4 Be6 15. Bxb8 Rxb8 16. Rad1 b5 17. Rd2 h6 18. Rfd1 Kh7 19. Rd8 Rxd8 20. Rxd8 b4 21. Na4 Bxa2 22. Nxc5 Bc4 23. e3 b3 24. Bf1 Bxf1 25. Kxf1 Ng4 26. h3 Ne5 27. Nxb3 Nc4 28. Rd7 Bf6 29. Nd4 Nxb2 30. Nc6 Kg7 31. Nxe7 a5 32. Nd5 Be5 33. f4 Bb8 34. Rb7 a4 35. Rxb8 a3 36. Ke2 Nc4 37. Ra8 1-0

[Event "LSS OP-2008-0-00596"]
[Site "LSS email"]
[Date "2008.08.08"]
[Round "?"]
[White "Albesa, Lautaro"]
[Black "Jooste, Marco"]
[Result "1/2-1/2"]
[WhiteElo "967"]
[BlackElo "1522"]
[PlyCount "41"]
[EventDate "2008.08.05"]
[EventType "tourn (corr)"]
[EventRounds "4"]
[EventCountry "GER"]
[SourceTitle "Corr 2013"]
[Source "ChessBase"]
[SourceDate "2012.11.12"]
[SourceVersion "1"]
[SourceVersionDate "2012.11.12"]
[SourceQuality "1"]

1. e4 e5 2. Nf3 Nc6 3. Bb5 Nf6 4. 0-0 Bc5 5. c3 0-0 6. d4 Bb6 7. Bg5 h6 8. Bh4 d6 9. Qd3 Re8 10. Nbd2 exd4 11. Nxd4 Bd7 12. Nxc6 Bxc6 13. Bxc6 bxc6 14. Rfe1 g5 15. Bg3 Nh5 16. Nc4 Nxg3 17. Nxb6 axb6 18. Qxg3 Kh7 19. a3 Qf6 20. f3 h5 21. Qf2 1/2-1/2

[Event "LSS OP-2008-0-00596"]
[Site "LSS email"]
[Date "2008.08.07"]
[Round "?"]
[White "Jooste, Marco"]
[Black "Marculescu, Gheorghe"]
[Result "0-1"]
[WhiteElo "1589"]
[BlackElo "1830"]
[PlyCount "118"]
[EventDate "2008.08.05"]
[EventType "tourn (corr)"]
[EventRounds "4"]
[EventCountry "GER"]
[SourceTitle "Corr 2013"]
[Source "ChessBase"]
[SourceDate "2012.11.12"]
[SourceVersion "1"]
[SourceVersionDate "2012.11.12"]
[SourceQuality "1"]

1. d4 Nf6 2. Nf3 d5 3. c4 e6 4. Nc3 Bb4 5. Qa4+ Nc6 6. e3 0-0 7. Bd2 Bd7 8. Qc2 Re8 9. a3 Bd6 10. c5 Bf8 11. b4 e5 12. Nxe5 Nxe5 13. dxe5 Rxe5 14. Bd3 b6 15. Ne2 bxc5 16. bxc5 Qe8 17. Bc3 Ba4 18. Qd2 Ne4 19. Bxe4 Rxe4 20. Ng3 Rc4 21. Rc1 Qc6 22. 0-0 Bxc5 23. Nf5 Qe6 24. Nxg7 Qg6 25. f4 Bxa3 26. f5 Qg5 27. Ra1 Bd6 28. f6 Bd7 29. Rf3 c6 30. Raf1 Re4 31. Nf5 Bxf5 32. Rxf5 Qxe3+ 33. Qxe3 Rxe3 34. Bd2 Re5 35. R5f3 Re6 36. Bh6 a5 37. Rf5 Bc5+ 38. Kh1 Bf8 39. Rg5+ Kh8 40. Bg7+ Bxg7 41. Rxg7 Ra7 42. h3 a4 43. Rg3 a3 44. Rb1 Re8 45. Ra1 a2 46. Rb3 h6 47. Rb2 Rea8 48. Kh2 Kh7 49. Rf2 c5 50. g4 c4 51. h4 d4 52. g5 c3 53. g6+ Kxg6 54. Rg1+ Kh7 55. Rf5 a1Q 56. Rg7+ Kh8 57. Rh5 Ra2+ 58. Kg3 Qg1+ 59. Kf4 Qe3+ 0-1

[Event "LSS OP-2008-0-00596"]
[Site "LSS email"]
[Date "2008.08.07"]
[Round "?"]
[White "Sikorski, Roman"]
[Black "Jooste, Marco"]
[Result "1/2-1/2"]
[WhiteElo "1421"]
[BlackElo "1522"]
[PlyCount "35"]
[EventDate "2008.08.05"]
[EventType "tourn (corr)"]
[EventRounds "4"]
[EventCountry "GER"]
[SourceTitle "Corr 2013"]
[Source "ChessBase"]
[SourceDate "2012.11.12"]
[SourceVersion "1"]
[SourceVersionDate "2012.11.12"]
[SourceQuality "1"]

1. e4 e5 2. Nf3 Nc6 3. d4 exd4 4. Nxd4 Nf6 5. Nc3 Bb4 6. Nxc6 bxc6 7. Bd3 d5 8. exd5 cxd5 9. 0-0 0-0 10. Bg5 c6 11. Qf3 Be7 12. Rfe1 h6 13. Bf4 Bd6 14. h3 Bxf4 15. Qxf4 Be6 16. Na4 Qa5 17. Qd4 Nd7 18. b3 1/2-1/2

[Event "LSS ZI-2008-0-00271"]
[Site "LSS email"]
[Date "2008.07.03"]
[Round "?"]
[White "Dumitriu, Laurentiu"]
[Black "Jooste, Marco"]
[Result "0-1"]
[WhiteElo "1600"]
[BlackElo "1612"]
[PlyCount "40"]
[EventDate "2008.07.02"]
[EventType "match (corr)"]
[EventRounds "2"]
[EventCountry "GER"]
[SourceTitle "Corr 2011"]
[Source "ChessBase"]
[SourceDate "2010.08.31"]
[SourceVersion "1"]
[SourceVersionDate "2010.08.31"]
[SourceQuality "1"]

1. e4 e5 2. Nf3 Nc6 3. Bc4 Nf6 4. Ng5 d5 5. exd5 Na5 6. Bb5+ c6 7. dxc6 bxc6 8. Ba4 h6 9. Nf3 e4 10. Qe2 Bc5 11. d3 0-0 12. Nfd2 Bg4 13. f3 exf3 14. gxf3 Re8 15. Ne4 Nxe4 16. dxe4 Qd4 17. Bb3 Nxb3 18. axb3 Rxe4 19. Qxe4 Qf2+ 20. Kd1 Bxf3+ 0-1

[Event "LSS ZI-2008-0-00271"]
[Site "LSS email"]
[Date "2008.07.03"]
[Round "?"]
[White "Jooste, Marco"]
[Black "Dumitriu, Laurentiu"]
[Result "1-0"]
[WhiteElo "1612"]
[BlackElo "1600"]
[PlyCount "70"]
[EventDate "2008.07.02"]
[EventType "match (corr)"]
[EventRounds "2"]
[EventCountry "GER"]
[SourceTitle "Corr 2011"]
[Source "ChessBase"]
[SourceDate "2010.08.31"]
[SourceVersion "1"]
[SourceVersionDate "2010.08.31"]
[SourceQuality "1"]

1. d4 d5 2. Nf3 e6 3. c4 Be7 4. Nc3 Nf6 5. Bg5 0-0 6. e3 h6 7. Bxf6 Bxf6 8. Qc2 Nc6 9. a3 a6 10. cxd5 exd5 11. Be2 Qe7 12. 0-0 g6 13. Nxd5 Qd6 14. Nxf6+ Qxf6 15. b4 Be6 16. Rfd1 Rad8 17. Rac1 Bg4 18. h3 Bxf3 19. Bxf3 Rfe8 20. Bxc6 bxc6 21. Qxc6 Qf5 22. Qxc7 Rc8 23. Qf4 Qb5 24. Rc5 Qa4 25. Rd3 Rc6 26. Rdc3 Rce6 27. Rc7 Qd1+ 28. Kh2 R6e7 29. Rxe7 Rxe7 30. Qf6 Re8 31. Rc7 Rf8 32. Qxa6 Qd2 33. Qf1 Ra8 34. Qc1 Qxf2 35. Rc8+ Rxc8 1-0

[Event "LSS SC-2008-0-00011"]
[Site "LSS email"]
[Date "2008.06.27"]
[Round "?"]
[White "Jooste, Marco"]
[Black "Law, Stephen"]
[Result "0-1"]
[WhiteElo "1522"]
[BlackElo "1476"]
[PlyCount "68"]
[EventDate "2008.06.17"]
[EventType "tourn (corr)"]
[EventRounds "6"]
[EventCountry "GER"]
[SourceTitle "Corr 2013"]
[Source "ChessBase"]
[SourceDate "2012.11.12"]
[SourceVersion "1"]
[SourceVersionDate "2012.11.12"]
[SourceQuality "1"]
[WhiteTeam "US of America"]
[BlackTeam "US of America"]
[WhiteTeamCountry "USA"]
[BlackTeamCountry "USA"]

1. d4 d5 2. c4 dxc4 3. Nf3 Nf6 4. Nc3 a6 5. e4 b5 6. e5 Nd5 7. a4 Nxc3 8. bxc3 Bb7 9. e6 fxe6 10. Ng5 Qd6 11. axb5 axb5 12. Rxa8 Bxa8 13. Qg4 Nd7 14. Qxe6 Bd5 15. Qg4 e5 16. Be2 exd4 17. Bf4 Qg6 18. 0-0 h6 19. Bf3 Bxf3 20. Qxf3 hxg5 21. Re1+ Be7 22. Qa8+ Kf7 23. Qd5+ Kf8 24. Qxd7 gxf4 25. Qxe7+ Kg8 26. Qd8+ Kh7 27. Qxd4 Re8 28. Rxe8 Qxe8 29. h3 Qe1+ 30. Kh2 Qe6 31. Qxf4 Qd6 32. Kg3 b4 33. cxb4 c3 34. Kf3 Qxf4+ 0-1

[Event "LSS SC-2008-0-00011"]
[Site "LSS email"]
[Date "2008.06.27"]
[Round "?"]
[White "Jooste, Marco"]
[Black "Turoczi, Peter"]
[Result "0-1"]
[WhiteElo "1522"]
[BlackElo "1678"]
[PlyCount "48"]
[EventDate "2008.06.17"]
[EventType "tourn (corr)"]
[EventRounds "6"]
[EventCountry "GER"]
[SourceTitle "Corr 2013"]
[Source "ChessBase"]
[SourceDate "2012.11.12"]
[SourceVersion "1"]
[SourceVersionDate "2012.11.12"]
[SourceQuality "1"]
[WhiteTeam "US of America"]
[BlackTeam "US of America"]
[WhiteTeamCountry "USA"]
[BlackTeamCountry "USA"]

1. d4 Nf6 2. Nf3 g6 3. c4 Bg7 4. Nc3 d5 5. cxd5 Nxd5 6. e4 Nxc3 7. bxc3 c5 8. Be3 Bg4 9. Rc1 0-0 10. Qd2 Nd7 11. Be2 Nf6 12. e5 Ne4 13. Qb2 Qb6 14. Qxb6 axb6 15. h3 Bf5 16. g4 Be6 17. Bd3 Bd5 18. 0-0 c4 19. Bb1 Ra3 20. Bg5 Nxc3 21. Bxe7 Ne2+ 22. Kg2 Rxf3 23. Bxf8 Rg3+ 24. Kh2 Rg2+ 0-1

[Event "LSS ZI-2008-0-00267"]
[Site "LSS email"]
[Date "2008.06.26"]
[Round "?"]
[White "Jooste, Marco"]
[Black "Uifelean, Andrei"]
[Result "1-0"]
[WhiteElo "1522"]
[BlackElo "1892"]
[PlyCount "61"]
[EventDate "2008.06.25"]
[EventType "match (corr)"]
[EventRounds "2"]
[EventCountry "GER"]
[SourceTitle "Corr 2013"]
[Source "ChessBase"]
[SourceDate "2012.11.12"]
[SourceVersion "1"]
[SourceVersionDate "2012.11.12"]
[SourceQuality "1"]

1. d4 Nf6 2. Nf3 d5 3. c4 e6 4. Nc3 Nc6 5. Bg5 Bb4 6. e3 h6 7. Bxf6 Qxf6 8. cxd5 exd5 9. Qb3 0-0 10. Be2 Bxc3+ 11. bxc3 Rd8 12. 0-0 b6 13. Nd2 Na5 14. Qb4 Bf5 15. c4 dxc4 16. Nxc4 Nxc4 17. Qxc4 Rac8 18. Bf3 c5 19. d5 Rd6 20. e4 Bd7 21. a4 Qe5 22. g3 f5 23. exf5 Bxf5 24. Rfe1 Qd4 25. Qa6 Rf8 26. Rad1 Qb4 27. Re7 Bc2 28. Qxa7 Qb2 29. Rde1 Rff6 30. Rxg7+ Kh8 31. Re8+ 1-0

[Event "LSS ZI-2008-0-00262"]
[Site "LSS email"]
[Date "2008.06.14"]
[Round "?"]
[White "Uifelean, Andrei"]
[Black "Jooste, Marco"]
[Result "1-0"]
[WhiteElo "1892"]
[BlackElo "1522"]
[PlyCount "63"]
[EventDate "2008.06.13"]
[EventType "match (corr)"]
[EventRounds "2"]
[EventCountry "GER"]
[SourceTitle "Corr 2013"]
[Source "ChessBase"]
[SourceDate "2012.11.12"]
[SourceVersion "1"]
[SourceVersionDate "2012.11.12"]
[SourceQuality "1"]

1. e4 e5 2. Nf3 Nc6 3. Bb5 Nf6 4. 0-0 Bc5 5. Nxe5 Nxe5 6. d4 a6 7. Be2 Nxe4 8. dxc5 Nxc5 9. Qd4 d6 10. f4 Ng6 11. Qxg7 Bf5 12. Bf3 Qe7 13. b4 Ne6 14. Qc3 0-0-0 15. g4 Rhg8 16. gxf5 Nh4+ 17. Kh1 Nxf3 18. Qxf3 Nd4 19. Qd3 Ne2 20. Bb2 Rde8 21. Nc3 Nxc3 22. Bxc3 Qd7 23. a4 Rg4 24. b5 Reg8 25. Rae1 Rh4 26. Rg1 Re8 27. Rxe8+ Qxe8 28. Re1 Qd7 29. Qd4 c5 30. Qh8+ Kc7 31. f6 Kb6 32. Re7 1-0

[Event "LSS OP-2008-0-00556"]
[Site "LSS email"]
[Date "2008.06.11"]
[Round "?"]
[White "Jooste, Marco"]
[Black "Traczewski, Wojciech"]
[Result "0-1"]
[WhiteElo "1941"]
[BlackElo "1729"]
[PlyCount "112"]
[EventDate "2008.06.10"]
[EventType "tourn (corr)"]
[EventRounds "4"]
[EventCountry "GER"]
[SourceTitle "Corr 2011"]
[Source "ChessBase"]
[SourceDate "2010.08.31"]
[SourceVersion "1"]
[SourceVersionDate "2010.08.31"]
[SourceQuality "1"]

1. d4 Nf6 2. c4 g6 3. Nc3 d5 4. cxd5 Nxd5 5. e4 Nxc3 6. bxc3 Bg7 7. Be3 c5 8. Nf3 Qa5 9. Qd2 0-0 10. Rc1 cxd4 11. cxd4 Qxd2+ 12. Nxd2 Nc6 13. Nb3 Rd8 14. d5 Nb4 15. a3 Na2 16. Rc2 Nc3 17. Bd3 e6 18. Bg5 f6 19. Bd2 Na4 20. Ba5 b6 21. Bb5 bxa5 22. Bxa4 Rb8 23. 0-0 exd5 24. Nxa5 dxe4 25. Nc6 Bd7 26. Nxd8 Bxa4 27. Rd2 f5 28. Ne6 Be5 29. Rd8+ Rxd8 30. Nxd8 Bb5 31. Rb1 a6 32. Ne6 Be2 33. Re1 Bc4 34. f3 Bxe6 35. fxe4 Bc3 36. Re2 Bd4+ 37. Kh1 Kf7 38. exf5 Bxf5 39. h3 h5 40. Rd2 Be5 41. Rd5 Ke6 42. Ra5 Bd3 43. Rc5 Bb5 44. Rc8 Bb2 45. Rg8 Kf7 46. Rb8 Bxa3 47. Rb7+ Ke6 48. Rb6+ Bd6 49. Rb7 h4 50. Rg7 Bd3 51. Rh7 Be7 52. Rh8 Be4 53. Rb8 a5 54. Rb6+ Kd7 55. Ra6 Bb4 56. Rf6 g5 0-1

[Event "LSS OP-2008-0-00556"]
[Site "LSS email"]
[Date "2008.06.11"]
[Round "?"]
[White "Jovanovic, Bratislav"]
[Black "Jooste, Marco"]
[Result "1/2-1/2"]
[WhiteElo "1877"]
[BlackElo "1941"]
[PlyCount "27"]
[EventDate "2008.06.10"]
[EventType "tourn (corr)"]
[EventRounds "4"]
[EventCountry "GER"]
[SourceTitle "Corr 2013"]
[Source "ChessBase"]
[SourceDate "2012.11.12"]
[SourceVersion "1"]
[SourceVersionDate "2012.11.12"]
[SourceQuality "1"]

1. e4 e5 2. Bc4 Nf6 3. d3 Nc6 4. Nc3 Na5 5. f4 Nxc4 6. dxc4 Bb4 7. Qd3 Bxc3+ 8. Qxc3 0-0 9. fxe5 Nxe4 10. Qd3 Nc5 11. Qd5 Qh4+ 12. g3 Qe4+ 13. Qxe4 Nxe4 14. Nf3 1/2-1/2

[Event "LSS OP-2008-0-00556"]
[Site "LSS email"]
[Date "2008.06.11"]
[Round "?"]
[White "Narkun, Michal"]
[Black "Jooste, Marco"]
[Result "1-0"]
[WhiteElo "2183"]
[BlackElo "1522"]
[PlyCount "65"]
[EventDate "2008.06.10"]
[EventType "tourn (corr)"]
[EventRounds "4"]
[EventCountry "GER"]
[SourceTitle "Corr 2013"]
[Source "ChessBase"]
[SourceDate "2012.11.12"]
[SourceVersion "1"]
[SourceVersionDate "2012.11.12"]
[SourceQuality "1"]

1. Nf3 d5 2. c4 c6 3. b3 Nf6 4. g3 Bf5 5. Bg2 e6 6. 0-0 Nbd7 7. Bb2 Bd6 8. d3 0-0 9. Nbd2 e5 10. cxd5 cxd5 11. e4 dxe4 12. Nxe4 Bxe4 13. dxe4 Qe7 14. Qe2 Nc5 15. Rac1 Rfe8 16. Rfd1 Rad8 17. Nd2 Ncd7 18. Nc4 Bc5 19. Rd2 b5 20. Na5 Nb8 21. Rxd8 Qxd8 22. Nb7 Bxf2+ 23. Qxf2 Qe7 24. Qxa7 Ng4 25. Bf3 Nh6 26. Qb6 Nd7 27. Qxb5 Nf6 28. Rc5 Rb8 29. Bxe5 Re8 30. Bf4 Kh8 31. Rc7 Qa3 32. e5 Ra8 33. exf6 1-0

[Event "LSS RB-2008-0-00007"]
[Site "LSS email"]
[Date "2008.04.18"]
[Round "?"]
[White "Jooste, Marco"]
[Black "McDowall, Michael"]
[Result "0-1"]
[WhiteElo "1941"]
[BlackElo "1879"]
[PlyCount "34"]
[EventDate "2008.04.02"]
[EventType "tourn (corr)"]
[EventRounds "6"]
[EventCountry "GER"]
[SourceTitle "Corr 2011"]
[Source "ChessBase"]
[SourceDate "2010.08.31"]
[SourceVersion "1"]
[SourceVersionDate "2010.08.31"]
[SourceQuality "1"]

1. d4 Nf6 2. Nf3 e6 3. Bg5 d5 4. e3 Nbd7 5. Nbd2 Bd6 6. Bd3 0-0 7. 0-0 h6 8. Bh4 e5 9. e4 exd4 10. Nxd4 Be5 11. Nf5 Nc5 12. f4 Bxb2 13. Nxg7 dxe4 14. Nh5 exd3 15. Qf3 Bxa1 16. Qg3+ Bg4 17. Rxa1 Qd4+ 0-1

[Event "LSS OP-2008-0-00521"]
[Site "LSS email"]
[Date "2008.04.17"]
[Round "?"]
[White "Jooste, Marco"]
[Black "Kovacs, Arthur"]
[Result "0-1"]
[WhiteElo "1941"]
[BlackElo "2217"]
[PlyCount "42"]
[EventDate "2008.04.15"]
[EventType "tourn (corr)"]
[EventRounds "4"]
[EventCountry "GER"]
[SourceTitle "Corr 2011"]
[Source "ChessBase"]
[SourceDate "2010.08.31"]
[SourceVersion "1"]
[SourceVersionDate "2010.08.31"]
[SourceQuality "1"]

1. d4 Nf6 2. Nf3 e6 3. Bg5 c5 4. e3 h6 5. Bh4 cxd4 6. exd4 b6 7. Bd3 Bb7 8. Nbd2 Be7 9. 0-0 0-0 10. Qe2 Nc6 11. c3 Nh5 12. Bxe7 Nxe7 13. g3 Nf6 14. Ne5 d6 15. Ng4 Nxg4 16. Qxg4 f5 17. Qe2 Rf6 18. Rae1 a6 19. Bc4 Nd5 20. Nf3 b5 21. Nh4 bxc4 0-1

[Event "LSS OP-2008-0-00521"]
[Site "LSS email"]
[Date "2008.04.17"]
[Round "?"]
[White "Jovanovic, Bratislav"]
[Black "Jooste, Marco"]
[Result "1-0"]
[WhiteElo "1637"]
[BlackElo "1941"]
[PlyCount "53"]
[EventDate "2008.04.15"]
[EventType "tourn (corr)"]
[EventRounds "4"]
[EventCountry "GER"]
[SourceTitle "Corr 2011"]
[Source "ChessBase"]
[SourceDate "2010.08.31"]
[SourceVersion "1"]
[SourceVersionDate "2010.08.31"]
[SourceQuality "1"]

1. e4 e5 2. Nc3 Nf6 3. Nf3 Nc6 4. Bc4 Nxe4 5. Nxe4 d5 6. Bd3 dxe4 7. Bxe4 Bd6 8. d4 exd4 9. Nxd4 Nxd4 10. Qxd4 0-0 11. Be3 Qe7 12. 0-0-0 Be5 13. Qd3 f5 14. Bd5+ Kh8 15. f4 Bf6 16. Rhe1 Qb4 17. c3 Qa5 18. Bb3 b6 19. Bd4 Ba6 20. Qg3 c5 21. Bxf6 Rxf6 22. Rd7 Rg6 23. Qh4 b5 24. Qe7 h6 25. Re6 Kh7 26. Rxg6 Kxg6 27. Qf7+ 1-0